Régimen penal tributario y previsional (Registro nro. 3422)

Detalles MARC
000 -LEADER
fixed length control field 00982 a2200229 4500
001 - CONTROL NUMBER
control field 41209
005 - DATE AND TIME OF LATEST TRANSACTION
control field 20260407155706.0
008 - FIXED-LENGTH DATA ELEMENTS--GENERAL INFORMATION
fixed length control field 260407a1995 arg spa d
003 - CONTROL NUMBER IDENTIFIER
control field AR-UNSa-BCEJYS
040 ## - CATALOGING SOURCE
Original cataloging agency AR-UNSa-BCEJYS
Language of cataloging spa
Transcribing agency AR-UNSa-BCEJYS
080 ## - UNIVERSAL DECIMAL CLASSIFICATION NUMBER
Universal Decimal Classification number 343.359
Common auxiliary subdivision Delitos contra el fisco y otras autoridades administrativas (Derecho Penal Tributario, Delitos fiscales)
020 ## - INTERNATIONAL STANDARD BOOK NUMBER
International Standard Book Number 950-894-010-7
041 ## - LANGUAGE CODE
Language code of text/sound track or separate title spa
100 1# - MAIN ENTRY--PERSONAL NAME
Personal name Thomas, Ricardo G.
245 10 - TITLE STATEMENT
Title Régimen penal tributario y previsional
264 #1 - PRODUCTION, PUBLICATION, DISTRIBUTION, MANUFACTURE, AND COPYRIGHT NOTICE
Place of production, publication, distribution, manufacture Buenos Aires :
Name of producer, publisher, distributor, manufacturer AD-HOC
Date of production, publication, distribution, manufacture, or copyright notice 1995
300 ## - PHYSICAL DESCRIPTION
Extent 263 p.
Dimensions 22 cm.
505 ## - FORMATTED CONTENTS NOTE
Formatted contents note 1. Potestad tributaria – 2. Potestad legislativa en materia penal – 3. Ámbito de aplicación – 4. Ley 23.771 y códigos fiscales – 5. Nuevo régimen penal tributario y previsional – 6. Bien jurídico.
590 ## - LOCAL NOTE (RLIN)
Local note niveau_biblio:m niveau_hierar:0
856 41 - ELECTRONIC LOCATION AND ACCESS
Uniform Resource Identifier <a href="https://biblioeco.unsa.edu.ar/pmb/images/libros/L126445.jpg">https://biblioeco.unsa.edu.ar/pmb/images/libros/L126445.jpg</a>
Link text Imagen de portada
Electronic format type image/jpeg
942 ## - ADDED ENTRY ELEMENTS (KOHA)
Koha item type
Existencias
Withdrawn status Lost status Damaged status Not for loan Home library Current library Shelving location Date acquired Total checkouts Full call number Barcode Date last seen Price effective from Koha item type
        Biblioteca Prof. Eusebio Cleto del Rey Biblioteca Prof. Eusebio Cleto del Rey   07/04/2026   343.359 T452 L126445 07/04/2026 07/04/2026 Libro